Chelsea fifa 23 ratings - Statistics

General Stats
  • This quiz has been taken 141 times
    118 since last reset
  • The average score is 17 of 30
Answer Stats
Rating Nationality Answer % Correct
89 France N'Golo Kante
99%
86 Brazil Thiago Silva
96%
84 Senegal Edouard Mendy
82%
81 U.S.A. Christian Pulisic
81%
82 Morocco Hakim Ziyech
79%
81 Argentina Enzo Fernández
78%
85 Senegal Kalidou Koulibaly
78%
83 Croatia Mateo Kovacic
78%
83 Gabon Pierre-Emerick Aubameyang
78%
83 Germany Kai Havertz
74%
83 Portugal João Félix
70%
85 England Raheem Sterling
70%
83 England Mason Mount
69%
84 England Reece James
69%
75 Ukraine Mykhailo Mudryk
61%
81 Spain César Azpilicueta
60%
81 Spain Kepa Arrizabalaga
56%
81 England Ben Chilwell
54%
80 Switzerland Denis Zakaria
48%
79 France Wesley Fofana
48%
80 Spain Marc Cucurella
45%
75 Albania Armando Broja
40%
78 France Benoît Badiashile
34%
78 England Conor Gallagher
31%
68 Ivory Coast David Datro Fofana
27%
77 England Noni Madueke
21%
77 England Ruben Loftus-Cheek
20%
76 England Trevoh Chalobah
20%
70 Brazil Andrey Santos
15%
75 France Malo Gusto
11%
No matching quizzes found
Score Distribution
Percent of People with Each Score
Percentile by Number Answered
Your Score History
You have not taken this quiz since the last reset